00764 2200277 4500001002100000005001500021035002000036007000300056008004100059082000800100084001400108100001600122245009400138250001000232260006000242300002800302856002000330650002400350990001600374990001600390990001600406990001600422990001600438990001600454990001600470INLIS00000000069188220200302082548 a0010-0220000446ta200302 g m ind  a920 a920 HAS p1 aHASAN BASRI1 aPangeran Jagapati Wong Agung Wilis Sayu Wiwit Tiga Pejuang dari Blambangan /cHASAN BASRI acet.1 aBanyuwangi; :bPemerintahan Kabupaten Banyuwangi,c2006 aiv + 105 hlm ;c20,5 cm aRuang Baca Umum 4aPahlawan Banyuwangi a00000053091 a00000053088 a00000053089 a00000053090 a00000053092 a00000053093 a00000053216